El pueblo de papel / (Registro nro. 4493)

Detalles MARC
000 -LEADER
fixed length control field 00949nam a2200289Ia 4500
003 - CONTROL NUMBER IDENTIFIER
control field OSt
005 - DATE AND TIME OF LATEST TRANSACTION
control field 20200527170659.0
008 - FIXED-LENGTH DATA ELEMENTS--GENERAL INFORMATION
fixed length control field 191128s9999 xx 000 0 und d
020 ## - INTERNATIONAL STANDARD BOOK NUMBER
International Standard Book Number 9789583019319
040 ## - CATALOGING SOURCE
Original cataloging agency CO-JMCR
Transcribing agency CO-JMCR
041 ## - LANGUAGE CODE
Language code of text/sound track or separate title spa
082 ## - DEWEY DECIMAL CLASSIFICATION NUMBER
Classification number C /
Item number PRIp
100 ## - MAIN ENTRY--PERSONAL NAME
Personal name Primusová, Hanna,
Relator term autora
9 (RLIN) 4769
245 #0 - TITLE STATEMENT
Title El pueblo de papel /
245 #0 - TITLE STATEMENT
Statement of responsibility, etc. una historia de Hanna Primusová ; ilustrada por Estelle Meens
250 ## - EDITION STATEMENT
Edition statement Primera edición
260 ## - PUBLICATION, DISTRIBUTION, ETC.
Place of publication, distribution, etc. Bogotá
260 ## - PUBLICATION, DISTRIBUTION, ETC.
Name of publisher, distributor, etc. Panamericana
260 ## - PUBLICATION, DISTRIBUTION, ETC.
Date of publication, distribution, etc. 2009
300 ## - PHYSICAL DESCRIPTION
Extent 87 páginas
300 ## - PHYSICAL DESCRIPTION
Other physical details ilustraciones a color
300 ## - PHYSICAL DESCRIPTION
Dimensions 17 cm.
520 ## - SUMMARY, ETC.
Summary, etc. Virginia no juega nunca con muñecas; prefiere los animalitos de peluche, espuma o caucho… A la niña le gustaría que cada uno de sus amigos tuviera una bonita casa, pero ¿cómo hacer?
650 ## - SUBJECT ADDED ENTRY--TOPICAL TERM
Topical term or geographic name entry element Cuentos infantiles
9 (RLIN) 4770
700 ## - ADDED ENTRY--PERSONAL NAME
Personal name Meens, Estelle,
Relator term ilustradora
9 (RLIN) 4771
942 ## - ADDED ENTRY ELEMENTS (KOHA)
Source of classification or shelving scheme Dewey Decimal Classification
Koha item type Books
Existencias
Withdrawn status Lost status Source of classification or shelving scheme Damaged status Not for loan Collection code Home library Current library Date acquired Cost, normal purchase price Total Checkouts Full call number Barcode Date last seen Date last checked out Copy number Koha item type
    Dewey Decimal Classification     Fiction Biblioteca Pública José María del Castillo y Rada Biblioteca Pública José María del Castillo y Rada 11/28/2019 0.00 6 C / PRIp 201809355 11/26/2025 11/26/2025 Ej.1 Books